The Moment of Truth? : (Record no. 328)
[ view plain ]
| 000 -LEADER | |
|---|---|
| fixed length control field | 00383nam a22001217a 4500 |
| 008 - FIXED-LENGTH DATA ELEMENTS--GENERAL INFORMATION | |
| fixed length control field | 230605b xxu||||| |||| 00| 0 eng d |
| 082 ## - DEWEY DECIMAL CLASSIFICATION NUMBER | |
| Classification number | 325.2109 |
| Item number | TAB |
| 110 ## - MAIN ENTRY--CORPORATE NAME | |
| Date of meeting or treaty signing | 2005 |
| 245 ## - TITLE STATEMENT | |
| Title | The Moment of Truth? : |
| Remainder of title | Five Cuban Political Prisoners: The Chase for a Fair Trial |
| Statement of responsibility, etc. | National Assembly of People's Power |
| 260 ## - PUBLICATION, DISTRIBUTION, ETC. (IMPRINT) | |
| Place of publication, distribution, etc. | Cuba |
| Name of publisher, distributor, etc. | Editorial Imagenes |
| Date of publication, distribution, etc. | 2005 |
| 300 ## - PHYSICAL DESCRIPTION | |
| Extent | 78 p |
| 942 ## - ADDED ENTRY ELEMENTS (KOHA) | |
| Source of classification or shelving scheme | Dewey Decimal Classification |
| Koha item type | Books |
| Withdrawn status | Lost status | Source of classification or shelving scheme | Damaged status | Not for loan | Home library | Current library | Date acquired | Total Checkouts | Full call number | Barcode | Date last seen | Price effective from | Koha item type |
|---|---|---|---|---|---|---|---|---|---|---|---|---|---|
| Dewey Decimal Classification | Bunge Tower Library | Bunge Tower Library | 06/05/2023 | 325.2109 TAB | 10015437 | 06/05/2023 | 06/05/2023 | Books |
